00509nam a2200193 a 4500001001300000003000900013005001700022008004100039020002300080082001600103100001900119245004200138260004200180300000900222500003500231505001000266650002000276700001900296nice12345678IN_TiNIC20260116014944.0070926s1991 loua grp 000 0 eng  a0664251366 c10000a296.09bNEU aNeusner, Jacob aStudying Classical Judaismb A Primer aLouisvillebWestminister Press c1991 a206p aincludes index and biblioraphy2 aIndex aJudaism-History1 aNeusner, Jacob